| 000 | 00721nam a2200205Ia 4500 | ||
|---|---|---|---|
| 003 | GCL | ||
| 008 | 140319s9999 xx 000 0 ara d | ||
| 040 |
_aGCL / _cGCL |
||
| 082 | 0 | 4 |
_a347.08 _bم ط |
| 100 | 1 | _aمحمد جمعة عبدالقادر | |
| 245 | 1 | 0 |
_aالطعن فى الاحكام الجنائية والعسكرية والتظلم من قرارت القبض والاعتقال / _cمحمد جمعة عبدالقادر |
| 260 |
_a[S.N] : _bالمجالس ، _c1980 |
||
| 300 | _a342 ص | ||
| 490 | _a | ||
| 650 | 0 | 4 | _aالقانون |
| 650 | 0 | 4 | _aقانون الاجراءات الجنائية |
| 650 | 0 | 4 | _aاستئناف الاحكام |
| 650 | 0 | 4 | _aمحاكم الاستئناف |
| 942 |
_2ddc _cBK |
||
| 999 |
_c54727 _d54727 |
||